Maailman monarkioita - Äkkikuolema - Statistics

Yleistilastot
  • Tätä visaa on pelattu 1 815 kertaa
  • Keskiarvotulos 8 / 20
Answers on the Grid
Answers color-coded by a green-red scale on the quiz's grid according to % correct below.
Alankomaat
Belgia
Bhutan
Egypti
Espanja
Haiti
Indonesia
Intia
Italia
Japani
Jordania
Kambodža
Kreikka
Kuwait
Laos
Libanon
Liettua
Malesia
Marokko
Monaco
Oman
Peru
Portugali
Qatar
Ranska
Ruotsi
San Marino
Saudi-Arabia
Suomi
Sveitsi
Swazimaa
Tanska
Thaimaa
Vatikaanivaltio
Yhdistynyt kuningaskunta
 
Vastaustilastot
Vastaus % Oikein
Alankomaat
73%
Espanja
70%
Belgia
69%
Ruotsi
65%
Yhdistynyt kuningaskunta
60%
Tanska
59%
Monaco
54%
Japani
47%
Bhutan
41%
Thaimaa
39%
Jordania
37%
Saudi-Arabia
36%
Qatar
32%
Vatikaanivaltio
31%
Kuwait
27%
Oman
26%
Marokko
21%
Malesia
19%
Kambodža
17%
Swazimaa
16%
Ehtoja vastaavia visoja ei löytynyt
Tulosjakauma
Jokaisen tuloksen saaneiden osuus
Persentiili vastausten määrän mukaan
Tuloshistoriasi
Et ole pelannut tätä visaa